[Event "ODJM A 2024"]
[Site "Willingen GER"]
[Date "2024.05.23"]
[Round "7"]
[White "Niesel, Tobias"]
[Black "Holzwarth, Felix"]
[Result "1/2-1/2"]
[Termination "normal"]
[Board "13"]
[WhiteElo "1943"]
[BlackElo "1976"]
[WhiteClock "00:09:37"]
[BlackClock "00:34:24"]
[PlyCount "66"]
[WhiteFideId "12962155"]
[BlackFideId "34621377"]
[EventCountry "GER"]
[EventRounds "9"]
[EventType "swiss"]
[EventDate "2024.05.18"]

1. c4 {[%clk 01:30:54]} {[%emt 00:00:13]} e5 {[%clk 01:30:57]} {[%emt
00:00:07]} 2. g3 {[%clk 01:31:17]} {[%emt 00:00:13]} Nf6 {[%clk 01:31:22]}
{[%emt 00:00:07]} 3. Bg2 {[%clk 01:31:41]} {[%emt 00:00:06]} c6 {[%clk
01:31:49]} {[%emt 00:00:01]} 4. d4 {[%clk 01:32:04]} {[%emt 00:00:04]} exd4
{[%clk 01:32:15]} {[%emt 00:00:07]} 5. Qxd4 {[%clk 01:32:29]} {[%emt 00:00:07]}
Na6 {[%clk 01:32:42]} {[%emt 00:00:02]} 6. Nf3 {[%clk 01:30:19]} {[%emt
00:02:22]} Bc5 {[%clk 01:33:01]} {[%emt 00:00:11]} 7. Qe5+ {[%clk 01:30:00]}
{[%emt 00:00:49]} Be7 {[%clk 01:33:26]} {[%emt 00:00:05]} 8. O-O {[%clk
01:27:41]} {[%emt 00:02:49]} O-O {[%clk 01:33:51]} {[%emt 00:00:05]} 9. Qc3
{[%clk 01:14:43]} {[%emt 00:13:28]} Nc5 {[%clk 01:27:53]} {[%emt 00:06:22]} 10.
Qc2 {[%clk 01:10:56]} {[%emt 00:04:23]} a5 {[%clk 01:19:44]} {[%emt 00:08:38]}
11. Nc3 {[%clk 01:09:15]} {[%emt 00:02:12]} d6 {[%clk 01:19:22]} {[%emt
00:00:52]} 12. Rd1 {[%clk 01:04:42]} {[%emt 00:05:03]} Bg4 {[%clk 01:13:46]}
{[%emt 00:06:06]} 13. e4 {[%clk 00:58:11]} {[%emt 00:07:00]} Qc7 {[%clk
01:12:39]} {[%emt 00:01:37]} 14. Bf4 {[%clk 00:56:33]} {[%emt 00:02:09]} Nfd7
{[%clk 01:09:12]} {[%emt 00:03:57]} 15. h3 {[%clk 00:53:29]} {[%emt 00:03:33]}
Bxf3 {[%clk 01:09:01]} {[%emt 00:00:42]} 16. Bxf3 {[%clk 00:53:54]} {[%emt
00:00:05]} Ne5 {[%clk 01:09:19]} {[%emt 00:00:12]} 17. Be2 {[%clk 00:53:36]}
{[%emt 00:00:48]} Rfe8 {[%clk 01:01:25]} {[%emt 00:08:24]} 18. Be3 {[%clk
00:49:06]} {[%emt 00:05:00]} Ned7 {[%clk 01:00:08]} {[%emt 00:01:47]} 19. Rd2
{[%clk 00:37:38]} {[%emt 00:11:58]} Bf6 {[%clk 00:58:37]} {[%emt 00:02:01]} 20.
Bd4 {[%clk 00:32:11]} {[%emt 00:05:56]} Ne6 {[%clk 00:45:49]} {[%emt 00:13:18]}
21. Bxf6 {[%clk 00:30:38]} {[%emt 00:02:03]} Nxf6 {[%clk 00:46:18]} {[%emt
00:00:01]} 22. Rad1 {[%clk 00:26:56]} {[%emt 00:04:12]} Rad8 {[%clk 00:45:55]}
{[%emt 00:00:53]} 23. f4 {[%clk 00:24:04]} {[%emt 00:03:23]} Nc5 {[%clk
00:44:28]} {[%emt 00:01:57]} 24. Bf3 {[%clk 00:23:30]} {[%emt 00:01:03]} Kf8
{[%clk 00:37:48]} {[%emt 00:07:11]} 25. Kg2 {[%clk 00:22:23]} {[%emt 00:01:36]}
Qb8 {[%clk 00:35:56]} {[%emt 00:02:22]} 26. b3 {[%clk 00:14:46]} {[%emt
00:08:08]} h6 {[%clk 00:35:37]} {[%emt 00:00:50]} 27. h4 {[%clk 00:12:37]}
{[%emt 00:02:38]} g6 {[%clk 00:34:11]} {[%emt 00:01:57]} 28. g4 {[%clk
00:11:49]} {[%emt 00:01:17]} Ne6 {[%clk 00:33:02]} {[%emt 00:01:39]} 29. Ne2
{[%clk 00:12:01]} {[%emt 00:00:18]} Nc5 {[%clk 00:33:13]} {[%emt 00:00:19]} 30.
Rd4 {[%clk 00:11:24]} {[%emt 00:01:06]} Ne6 {[%clk 00:33:36]} {[%emt 00:00:08]}
31. R4d2 {[%clk 00:09:53]} {[%emt 00:02:01]} Nc5 {[%clk 00:34:02]} {[%emt
00:00:04]} 32. Rd4 {[%clk 00:10:12]} {[%emt 00:00:11]} Ne6 {[%clk 00:34:24]}
{[%emt 00:00:08]} 33. R4d2 {[%clk 00:09:37]} {[%emt 00:01:05]} Nc5 {[%emt
00:00:42]} 1/2-1/2

[Event "ODJM A 2024"]
[Site "Willingen GER"]
[Date "2024.05.23"]
[Round "7"]
[White "Fruth, David"]
[Black "Weyerer, Noah"]
[Result "1-0"]
[Termination "normal"]
[Board "14"]
[WhiteElo "1931"]
[BlackElo "1869"]
[WhiteClock "00:31:16"]
[BlackClock "00:01:37"]
[PlyCount "51"]
[WhiteFideId "16257596"]
[BlackFideId "16250664"]
[EventCountry "GER"]
[EventRounds "9"]
[EventType "swiss"]
[EventDate "2024.05.18"]

1. e4 {[%clk 01:30:44]} {[%emt 00:00:29]} e6 {[%clk 01:30:54]} {[%emt
00:00:10]} 2. d4 {[%clk 01:31:13]} {[%emt 00:00:02]} d5 {[%clk 01:31:20]}
{[%emt 00:00:05]} 3. Nc3 {[%clk 01:31:36]} {[%emt 00:00:04]} Nf6 {[%clk
01:31:44]} {[%emt 00:00:03]} 4. Bg5 {[%clk 01:32:00]} {[%emt 00:00:09]} Be7
{[%clk 01:32:04]} {[%emt 00:00:09]} 5. e5 {[%clk 01:32:28]} Nfd7 {[%clk
01:32:28]} {[%emt 00:00:11]} 6. h4 {[%clk 01:32:53]} {[%emt 00:00:04]} h6
{[%clk 01:32:48]} {[%emt 00:00:03]} 7. Bxe7 {[%clk 01:32:59]} {[%emt 00:00:13]}
Qxe7 {[%clk 01:33:12]} {[%emt 00:00:06]} 8. Qg4 {[%clk 01:32:12]} {[%emt
00:01:16]} O-O {[%clk 01:33:18]} {[%emt 00:00:25]} 9. f4 {[%clk 01:32:23]}
{[%emt 00:00:19]} c5 {[%clk 01:31:20]} {[%emt 00:02:28]} 10. Nf3 {[%clk
01:31:47]} {[%emt 00:01:07]} Nc6 {[%clk 01:31:05]} {[%emt 00:00:45]} 11. O-O-O
{[%clk 01:31:17]} {[%emt 00:00:59]} cxd4 {[%clk 01:31:15]} {[%emt 00:00:20]}
12. Nxd4 {[%clk 01:25:47]} {[%emt 00:06:00]} Nxd4 {[%clk 01:30:14]} {[%emt
00:01:31]} 13. Rxd4 {[%clk 01:26:15]} {[%emt 00:00:02]} f6 {[%clk 01:30:00]}
{[%emt 00:00:44]} 14. Qg3 {[%clk 00:58:03]} {[%emt 00:28:42]} fxe5 {[%clk
01:28:42]} {[%emt 00:01:48]} 15. fxe5 {[%clk 00:56:40]} {[%emt 00:01:54]} Rf5
{[%clk 01:22:27]} {[%emt 00:06:44]} 16. Bd3 {[%clk 00:55:17]} {[%emt 00:01:53]}
Rxe5 {[%clk 01:21:19]} {[%emt 00:01:38]} 17. Rf1 {[%clk 00:54:19]} {[%emt
00:01:28]} b6 {[%clk 00:36:26]} {[%emt 00:45:24]} 18. Rdf4 {[%clk 00:46:25]}
{[%emt 00:08:24]} g5 {[%clk 00:25:36]} {[%emt 00:11:19]} 19. Bb5 {[%clk
00:37:12]} {[%emt 00:09:43]} Re3 {[%clk 00:10:34]} {[%emt 00:15:32]} 20. Qxe3
{[%clk 00:36:54]} {[%emt 00:00:47]} gxf4 {[%clk 00:10:58]} {[%emt 00:00:06]}
21. Rxf4 {[%clk 00:30:30]} {[%emt 00:06:55]} Nf6 {[%clk 00:05:34]} {[%emt
00:05:54]} 22. Qe5 {[%clk 00:30:24]} {[%emt 00:00:36]} Ne4 {[%clk 00:00:55]}
{[%emt 00:05:08]} 23. Nxe4 {[%clk 00:30:18]} {[%emt 00:00:37]} dxe4 {[%clk
00:01:13]} {[%emt 00:00:11]} 24. Rg4+ {[%clk 00:30:29]} {[%emt 00:00:19]} Kh7
{[%clk 00:01:13]} {[%emt 00:00:30]} 25. Qxe4+ {[%clk 00:30:55]} {[%emt
00:00:04]} Kh8 {[%clk 00:01:37]} {[%emt 00:00:06]} 26. Qe5+ {[%clk 00:31:16]}
{[%emt 00:00:09]} 1-0

[Event "ODJM A 2024"]
[Site "Willingen GER"]
[Date "2024.05.23"]
[Round "7"]
[White "Gröschel, Karoline"]
[Black "Grunert, Friedrich"]
[Result "1/2-1/2"]
[Termination "normal"]
[Board "15"]
[WhiteElo "1952"]
[BlackElo "1977"]
[WhiteClock "00:20:53"]
[BlackClock "01:12:58"]
[PlyCount "84"]
[WhiteFideId "34610537"]
[BlackFideId "12995592"]
[EventCountry "GER"]
[EventRounds "9"]
[EventType "swiss"]
[EventDate "2024.05.18"]

1. e4 {[%clk 01:30:58]} {[%emt 00:00:02]} e6 {[%clk 01:30:57]} {[%emt
00:00:04]} 2. d4 {[%clk 01:31:23]} {[%emt 00:00:09]} d5 {[%clk 01:31:25]}
{[%emt 00:00:08]} 3. Nc3 {[%clk 01:31:47]} {[%emt 00:00:11]} Bb4 {[%clk
01:31:49]} {[%emt 00:00:09]} 4. e5 {[%clk 01:32:12]} {[%emt 00:00:05]} c5
{[%clk 01:32:06]} {[%emt 00:00:11]} 5. a3 {[%clk 01:32:39]} {[%emt 00:00:04]}
Bxc3+ {[%clk 01:32:27]} {[%emt 00:00:07]} 6. bxc3 {[%clk 01:33:03]} {[%emt
00:00:04]} Qa5 {[%clk 01:32:48]} {[%emt 00:00:12]} 7. Bd2 {[%clk 01:28:37]}
{[%emt 00:04:38]} Qa4 {[%clk 01:32:31]} {[%emt 00:00:48]} 8. Qb1 {[%clk
01:25:53]} {[%emt 00:03:13]} c4 {[%clk 01:32:57]} {[%emt 00:00:04]} 9. Nf3
{[%clk 01:18:21]} {[%emt 00:08:02]} Nc6 {[%clk 01:33:21]} {[%emt 00:00:06]} 10.
Be2 {[%clk 01:18:14]} {[%emt 00:00:36]} Bd7 {[%clk 01:33:47]} {[%emt 00:00:05]}
11. O-O {[%clk 01:16:11]} {[%emt 00:02:32]} b6 {[%clk 01:32:55]} {[%emt
00:01:23]} 12. Re1 {[%clk 01:07:03]} {[%emt 00:09:39]} Nge7 {[%clk 01:33:00]}
{[%emt 00:00:24]} 13. Bf1 {[%clk 01:06:05]} {[%emt 00:01:28]} O-O-O {[%clk
01:33:15]} {[%emt 00:00:13]} 14. Bg5 {[%clk 00:54:37]} {[%emt 00:12:00]} Rde8
{[%clk 01:29:21]} {[%emt 00:04:25]} 15. Nd2 {[%clk 00:52:27]} {[%emt 00:02:39]}
Nf5 {[%clk 01:26:36]} {[%emt 00:03:16]} 16. Be3 {[%clk 00:46:42]} {[%emt
00:06:14]} h6 {[%clk 01:26:07]} {[%emt 00:00:59]} 17. g3 {[%clk 00:47:07]}
{[%emt 00:00:05]} g5 {[%clk 01:25:35]} {[%emt 00:01:02]} 18. Bh3 {[%clk
00:47:03]} {[%emt 00:00:33]} Rhg8 {[%clk 01:20:18]} {[%emt 00:05:47]} 19. Bxf5
{[%clk 00:46:04]} {[%emt 00:01:29]} exf5 {[%clk 01:18:52]} {[%emt 00:01:57]}
20. f4 {[%clk 00:46:28]} {[%emt 00:00:05]} g4 {[%clk 01:18:59]} {[%emt
00:00:23]} 21. Bf2 {[%clk 00:41:19]} {[%emt 00:05:40]} h5 {[%clk 01:17:56]}
{[%emt 00:01:33]} 22. Ra2 {[%clk 00:35:45]} {[%emt 00:06:04]} Kc7 {[%clk
01:16:06]} {[%emt 00:02:20]} 23. Qb2 {[%clk 00:31:21]} {[%emt 00:04:54]} Rh8
{[%clk 01:08:17]} {[%emt 00:08:19]} 24. Nf1 {[%clk 00:28:11]} {[%emt 00:03:39]}
Ne7 {[%clk 01:05:49]} {[%emt 00:02:59]} 25. Qb4 {[%clk 00:25:47]} {[%emt
00:02:54]} Qxb4 {[%clk 01:06:14]} {[%emt 00:00:05]} 26. axb4 {[%clk 00:25:53]}
{[%emt 00:00:24]} Kb7 {[%clk 01:05:21]} {[%emt 00:01:22]} 27. Rea1 {[%clk
00:25:24]} {[%emt 00:00:59]} Ra8 {[%clk 01:05:32]} {[%emt 00:00:19]} 28. Ne3
{[%clk 00:25:18]} {[%emt 00:00:36]} a6 {[%clk 01:04:19]} {[%emt 00:01:43]} 29.
Ng2 {[%clk 00:24:02]} {[%emt 00:01:46]} Ra7 {[%clk 01:04:03]} {[%emt 00:00:47]}
30. Kf1 {[%clk 00:23:39]} {[%emt 00:00:53]} Rha8 {[%clk 01:03:03]} {[%emt
00:01:29]} 31. Be1 {[%clk 00:18:19]} {[%emt 00:05:50]} a5 {[%clk 01:02:39]}
{[%emt 00:00:55]} 32. bxa5 {[%clk 00:12:07]} {[%emt 00:06:42]} Rxa5 {[%clk
01:02:56]} {[%emt 00:00:13]} 33. Rxa5 {[%clk 00:12:04]} {[%emt 00:00:33]} bxa5
{[%clk 01:00:49]} {[%emt 00:02:36]} 34. Bd2 {[%clk 00:11:09]} {[%emt 00:01:25]}
Ra6 {[%clk 00:54:37]} {[%emt 00:06:43]} 35. Ne3 {[%clk 00:07:17]} {[%emt
00:04:22]} Be6 {[%clk 00:54:00]} {[%emt 00:01:07]} 36. Bc1 {[%clk 00:06:27]}
{[%emt 00:01:20]} Nc6 {[%clk 00:53:55]} {[%emt 00:00:34]} 37. Ke2 {[%clk
00:06:17]} {[%emt 00:00:40]} Na7 {[%clk 00:53:53]} {[%emt 00:00:32]} 38. Ba3
{[%clk 00:04:06]} {[%emt 00:02:42]} Nb5 {[%clk 00:54:09]} {[%emt 00:00:13]} 39.
Kd2 {[%clk 00:04:30]} {[%emt 00:00:06]} Ra8 {[%clk 00:52:09]} {[%emt 00:02:29]}
40. Be7 {[%clk 00:00:44]} {[%emt 00:04:18]} Ra6 {[%clk 00:46:34]} {[%emt
00:06:03]} 41. Ra2 {[%clk 00:24:40]} {[%emt 00:06:36]} Na7 {[%clk 01:14:31]}
{[%emt 00:02:32]} 42. Bc5 {[%clk 00:20:53]} {[%emt 00:04:17]} Nb5 {[%clk
01:12:58]} {[%emt 00:02:03]} 1/2-1/2

[Event "ODJM A 2024"]
[Site "Willingen GER"]
[Date "2024.05.23"]
[Round "7"]
[White "Kieselbach, Jannik"]
[Black "Sundui, Chinguun"]
[Result "1/2-1/2"]
[Termination "normal"]
[Board "16"]
[WhiteElo "2003"]
[BlackElo "1895"]
[WhiteClock "00:21:38"]
[BlackClock "00:28:38"]
[PlyCount "56"]
[WhiteFideId "16246403"]
[BlackFideId "4907930"]
[EventCountry "GER"]
[EventRounds "9"]
[EventType "swiss"]
[EventDate "2024.05.18"]

1. e4 {[%clk 01:30:57]} {[%emt 00:00:05]} c5 {[%clk 01:30:56]} {[%emt
00:00:07]} 2. c3 {[%clk 01:31:12]} {[%emt 00:00:30]} Nf6 {[%clk 01:31:13]}
{[%emt 00:00:11]} 3. e5 {[%clk 01:31:33]} {[%emt 00:00:11]} Nd5 {[%clk
01:31:40]} {[%emt 00:00:05]} 4. Bc4 {[%clk 01:31:28]} {[%emt 00:00:26]} Nb6
{[%clk 01:32:01]} {[%emt 00:00:06]} 5. Bb3 {[%clk 01:31:52]} {[%emt 00:00:02]}
c4 {[%clk 01:32:22]} {[%emt 00:00:06]} 6. Bc2 {[%clk 01:32:15]} {[%emt
00:00:06]} Nc6 {[%clk 01:32:46]} {[%emt 00:00:06]} 7. Nf3 {[%clk 01:32:19]}
{[%emt 00:00:26]} d5 {[%clk 01:32:03]} {[%emt 00:01:13]} 8. exd6 {[%clk
01:32:10]} {[%emt 00:00:39]} Qxd6 {[%clk 01:32:27]} {[%emt 00:00:06]} 9. O-O
{[%clk 01:31:52]} {[%emt 00:00:47]} Bg4 {[%clk 01:31:39]} {[%emt 00:01:19]} 10.
Qe2 {[%clk 01:19:48]} {[%emt 00:12:33]} O-O-O {[%clk 01:29:21]} {[%emt
00:02:48]} 11. Na3 {[%clk 01:15:19]} {[%emt 00:05:00]} Qe6 {[%clk 01:23:21]}
{[%emt 00:06:31]} 12. Qxe6+ {[%clk 01:14:17]} {[%emt 00:01:30]} Bxe6 {[%clk
01:23:24]} {[%emt 00:00:27]} 13. Ng5 {[%clk 01:03:59]} {[%emt 00:10:48]} Bd5
{[%clk 01:20:28]} {[%emt 00:03:27]} 14. Be4 {[%clk 00:56:53]} {[%emt 00:07:36]}
Bxe4 {[%clk 01:18:18]} {[%emt 00:02:40]} 15. Nxe4 {[%clk 00:57:15]} {[%emt
00:00:07]} e5 {[%clk 01:14:00]} {[%emt 00:04:49]} 16. b3 {[%clk 00:50:50]}
{[%emt 00:06:55]} cxb3 {[%clk 01:10:29]} {[%emt 00:04:01]} 17. axb3 {[%clk
00:50:53]} {[%emt 00:00:27]} Be7 {[%clk 01:07:33]} {[%emt 00:03:26]} 18. Nc2
{[%clk 00:47:33]} {[%emt 00:03:50]} f5 {[%clk 01:05:27]} {[%emt 00:02:37]} 19.
Ng3 {[%clk 00:47:47]} {[%emt 00:00:14]} g6 {[%clk 01:04:34]} {[%emt 00:01:23]}
20. Re1 {[%clk 00:41:29]} {[%emt 00:06:48]} Bf6 {[%clk 01:02:30]} {[%emt
00:02:35]} 21. Nf1 {[%clk 00:41:15]} {[%emt 00:00:43]} a6 {[%clk 00:54:57]}
{[%emt 00:08:04]} 22. f3 {[%clk 00:37:07]} {[%emt 00:04:37]} Nd5 {[%clk
00:48:32]} {[%emt 00:06:55]} 23. g3 {[%clk 00:34:06]} {[%emt 00:03:32]} Rd7
{[%clk 00:47:22]} {[%emt 00:01:40]} 24. Nce3 {[%clk 00:30:59]} {[%emt
00:03:36]} Rhd8 {[%clk 00:42:54]} {[%emt 00:04:58]} 25. Nxd5 {[%clk 00:25:54]}
{[%emt 00:05:35]} Rxd5 {[%clk 00:42:08]} {[%emt 00:01:17]} 26. Ne3 {[%clk
00:22:34]} {[%emt 00:03:50]} Rd3 {[%clk 00:41:23]} {[%emt 00:01:14]} 27. Kg2
{[%clk 00:21:32]} {[%emt 00:01:32]} Kc7 {[%clk 00:33:32]} {[%emt 00:08:22]} 28.
Ra2 {[%clk 00:21:38]} {[%emt 00:00:23]} Bg5 {[%clk 00:28:38]} {[%emt 00:05:24]}
1/2-1/2

[Event "ODJM A 2024"]
[Site "Willingen GER"]
[Date "2024.05.23"]
[Round "7"]
[White "Ratushnyi, Viktor"]
[Black "Pfaar, Zeno"]
[Result "1-0"]
[Termination "normal"]
[Board "17"]
[WhiteElo "1880"]
[BlackElo "1961"]
[WhiteClock "00:43:42"]
[BlackClock "00:32:40"]
[PlyCount "39"]
[WhiteFideId "34167293"]
[BlackFideId "34614567"]
[EventCountry "GER"]
[EventRounds "9"]
[EventType "swiss"]
[EventDate "2024.05.18"]

1. e4 {[%clk 01:30:57]} {[%emt 00:00:03]} c5 {[%clk 01:30:51]} {[%emt
00:00:20]} 2. Nc3 {[%clk 01:31:22]} {[%emt 00:00:11]} Nc6 {[%clk 01:31:12]}
{[%emt 00:00:12]} 3. Bb5 {[%clk 01:31:42]} {[%emt 00:00:06]} Nd4 {[%clk
01:31:28]} {[%emt 00:00:15]} 4. Bc4 {[%clk 01:32:03]} {[%emt 00:00:06]} g6
{[%clk 01:31:12]} {[%emt 00:00:31]} 5. Nf3 {[%clk 01:31:16]} {[%emt 00:01:17]}
Bg7 {[%clk 01:30:51]} {[%emt 00:00:51]} 6. Nxd4 {[%clk 01:31:33]} {[%emt
00:00:14]} cxd4 {[%clk 01:31:15]} {[%emt 00:00:06]} 7. Qf3 {[%clk 01:31:35]}
{[%emt 00:00:26]} Nf6 {[%clk 01:05:39]} {[%emt 00:26:06]} 8. e5 {[%clk
01:26:55]} {[%emt 00:05:11]} dxc3 {[%clk 01:05:31]} {[%emt 00:00:38]} 9. exf6
{[%clk 01:27:17]} {[%emt 00:00:08]} Bxf6 {[%clk 01:03:13]} {[%emt 00:02:49]}
10. dxc3 {[%clk 01:25:41]} {[%emt 00:02:05]} O-O {[%clk 01:00:16]} {[%emt
00:03:26]} 11. Bh6 {[%clk 01:23:19]} {[%emt 00:02:52]} Re8 {[%clk 00:49:16]}
{[%emt 00:11:31]} 12. O-O-O {[%clk 01:18:51]} {[%emt 00:04:59]} e6 {[%clk
00:49:06]} {[%emt 00:00:38]} 13. Kb1 {[%clk 01:11:05]} {[%emt 00:08:17]} d5
{[%clk 00:40:50]} {[%emt 00:08:46]} 14. Bb5 {[%clk 01:06:01]} {[%emt 00:05:34]}
Rf8 {[%clk 00:36:28]} {[%emt 00:04:52]} 15. Bxf8 {[%clk 00:58:37]} {[%emt
00:07:54]} Kxf8 {[%clk 00:36:53]} {[%emt 00:00:05]} 16. h4 {[%clk 00:56:39]}
{[%emt 00:02:28]} a6 {[%clk 00:36:07]} {[%emt 00:01:16]} 17. Bd3 {[%clk
00:46:20]} {[%emt 00:10:49]} b5 {[%clk 00:35:25]} {[%emt 00:01:11]} 18. h5
{[%clk 00:45:38]} {[%emt 00:01:12]} Bb7 {[%clk 00:33:05]} {[%emt 00:02:50]} 19.
hxg6 {[%clk 00:43:35]} {[%emt 00:02:34]} hxg6 {[%clk 00:32:40]} {[%emt
00:00:55]} 20. Bxg6 {[%clk 00:43:42]} {[%emt 00:00:23]} 1-0

[Event "ODJM A 2024"]
[Site "Willingen GER"]
[Date "2024.05.23"]
[Round "7"]
[White "Zobel, Christian"]
[Black "Nguyen, Phuc Nhat"]
[Result "1-0"]
[Termination "normal"]
[Board "18"]
[WhiteElo "2013"]
[BlackElo "1893"]
[WhiteClock "00:29:37"]
[BlackClock "00:12:04"]
[PlyCount "49"]
[WhiteFideId "16259068"]
[BlackFideId "16253590"]
[EventCountry "GER"]
[EventRounds "9"]
[EventType "swiss"]
[EventDate "2024.05.18"]

1. d4 {[%clk 01:30:49]} {[%emt 00:00:21]} d5 {[%clk 01:30:54]} {[%emt
00:00:11]} 2. c4 {[%clk 01:31:14]} {[%emt 00:00:08]} e6 {[%clk 01:31:21]}
{[%emt 00:00:05]} 3. Nc3 {[%clk 01:31:31]} {[%emt 00:00:06]} Nf6 {[%clk
01:31:45]} {[%emt 00:00:08]} 4. cxd5 {[%clk 01:31:55]} {[%emt 00:00:06]} exd5
{[%clk 01:32:10]} {[%emt 00:00:03]} 5. Bg5 {[%clk 01:32:19]} {[%emt 00:00:06]}
Bb4 {[%clk 01:32:36]} {[%emt 00:00:07]} 6. e3 {[%clk 01:31:47]} {[%emt
00:00:43]} h6 {[%clk 01:32:49]} {[%emt 00:00:17]} 7. Bxf6 {[%clk 01:30:53]}
{[%emt 00:01:24]} Qxf6 {[%clk 01:33:13]} {[%emt 00:00:07]} 8. Bd3 {[%clk
01:30:06]} {[%emt 00:01:17]} c6 {[%clk 01:33:34]} {[%emt 00:00:09]} 9. Nge2
{[%clk 01:28:56]} {[%emt 00:01:39]} O-O {[%clk 01:30:07]} {[%emt 00:03:57]} 10.
Qc2 {[%clk 01:28:02]} {[%emt 00:01:23]} Re8 {[%clk 01:29:57]} {[%emt 00:00:41]}
11. O-O {[%clk 01:24:55]} {[%emt 00:03:38]} Bf8 {[%clk 01:22:08]} {[%emt
00:08:17]} 12. Ng3 {[%clk 01:21:20]} {[%emt 00:04:06]} g6 {[%clk 01:20:44]}
{[%emt 00:01:54]} 13. Rae1 {[%clk 01:18:44]} {[%emt 00:03:06]} Be6 {[%clk
01:16:31]} {[%emt 00:04:43]} 14. f4 {[%clk 01:16:17]} {[%emt 00:02:57]} Bg4
{[%clk 00:50:04]} {[%emt 00:26:57]} 15. f5 {[%clk 01:13:33]} {[%emt 00:03:14]}
gxf5 {[%clk 00:32:59]} {[%emt 00:17:35]} 16. Bxf5 {[%clk 01:07:34]} {[%emt
00:06:28]} Qg5 {[%clk 00:27:09]} {[%emt 00:06:21]} 17. Bxg4 {[%clk 00:56:36]}
{[%emt 00:11:28]} Qxg4 {[%clk 00:26:18]} {[%emt 00:01:22]} 18. Nf5 {[%clk
00:56:05]} {[%emt 00:00:59]} Nd7 {[%clk 00:16:49]} {[%emt 00:10:00]} 19. Rf3
{[%clk 00:55:13]} {[%emt 00:01:21]} Kh8 {[%clk 00:16:41]} {[%emt 00:00:38]} 20.
Ref1 {[%clk 00:43:08]} {[%emt 00:12:35]} Re6 {[%clk 00:14:57]} {[%emt
00:02:15]} 21. Rg3 {[%clk 00:36:26]} {[%emt 00:07:12]} Qh5 {[%clk 00:15:20]}
{[%emt 00:00:07]} 22. Rf4 {[%clk 00:35:02]} {[%emt 00:01:54]} Be7 {[%clk
00:12:00]} {[%emt 00:03:50]} 23. Nxe7 {[%clk 00:29:19]} {[%emt 00:06:12]} Rxe7
{[%clk 00:12:25]} {[%emt 00:00:06]} 24. Rf5 {[%clk 00:29:30]} {[%emt 00:00:18]}
Qh4 {[%clk 00:12:04]} {[%emt 00:00:52]} 25. Qf2 {[%clk 00:29:37]} {[%emt
00:00:23]} 1-0